Syntéza a fotochemické štúdie bistabilných orto-fluórovaných 3-(arylazo)pyridínov
Saved in:
| Main Author: | |
|---|---|
| Other Authors: | |
| Format: | Manuscript Book |
| Language: | Slovak |
| Published: |
2025
|
| Subjects: | |
| Online Access: | http://is.stuba.sk/zp/portal_zp.pl?podrobnosti=179749 |
| Tags: |
No Tags, Be the first to tag this record!
|
MARC
| LEADER | 00000ntm a22000003a 4500 | ||
|---|---|---|---|
| 001 | stuzp105043 | ||
| 003 | SK-STU | ||
| 005 | 20250628212318.8 | ||
| 007 | ta | ||
| 008 | 150427s2015----xo-----f-mn---000-0-slo-d | ||
| 040 | |a STU |b slo | ||
| 041 | 0 | |a slo | |
| 100 | 1 | |a Vadaturska, Kateryna |u 048140 |4 aut |U FCHPT Ústav organickej chémie, katalýzy a petrochémie |T FCHPT Oddelenie organickej chémie |X 122302 |U C8140 |Y 124 |7 122302 | |
| 242 | 0 | 1 | |a Synthesis and photochemical studies of bistable ortho-fluorinated 3-(arylazo)pyridines |y eng |
| 245 | 1 | 0 | |a Syntéza a fotochemické štúdie bistabilných orto-fluórovaných 3-(arylazo)pyridínov |
| 260 | |c 2025 | ||
| 650 | 4 | |a orto-fluórované 3-(arylazo)pyridíny |2 slo | |
| 650 | 4 | |a fotochemická E-Z transformácia |2 slo | |
| 650 | 4 | |a fotoizomerizácia |2 slo | |
| 650 | 4 | |a ortho-fluorinated 3-(arylazo)pyridines |2 eng | |
| 650 | 4 | |a photochemical E-Z transformation |2 eng | |
| 650 | 4 | |a photoisomerization |2 eng | |
| 700 | 1 | |a Fischer, Róbert |u 048140 |k Z1 |4 ths |U FCHPT Ústav organickej chémie, katalýzy a petrochémie |T FCHPT Oddelenie organickej chémie |X 68202 |U C8140 |Y 124 |7 A000068202 | |
| 856 | 4 | |u http://is.stuba.sk/zp/portal_zp.pl?podrobnosti=179749 | |